Financial Times handbook of management / (Record no. 280)

MARC details
000 -LEADER
fixed length control field 00768nam a2200241 a 4500
001 - CONTROL NUMBER
control field 280
005 - DATE AND TIME OF LATEST TRANSACTION
control field 20221127085911.0
008 - FIXED-LENGTH DATA ELEMENTS--GENERAL INFORMATION
fixed length control field 050920s lxxka 00100 eng d
020 ## - INTERNATIONAL STANDARD BOOK NUMBER
International Standard Book Number 0273643509 :
Terms of availability SR176.00
035 ## - SYSTEM CONTROL NUMBER
System control number 293
082 04 - DEWEY DECIMAL CLASSIFICATION NUMBER
Classification number 658
Item number F49 2001
245 00 - TITLE STATEMENT
Title Financial Times handbook of management /
Statement of responsibility, etc. edited by Stuart Crainer, Des Dearlove.
246 0# - VARYING FORM OF TITLE
Title proper/short title Handbook of management.
250 ## - EDITION STATEMENT
Edition statement 2nd ed.
260 ## - PUBLICATION, DISTRIBUTION, ETC.
Place of publication, distribution, etc. London :
Name of publisher, distributor, etc. FT/Prentice Hall,
Date of publication, distribution, etc. 2001.
300 ## - PHYSICAL DESCRIPTION
Extent xii, 784 p. :
Other physical details ill. ;
Dimensions 24 cm.
500 ## - GENERAL NOTE
General note Prev. ed. : 1995.
504 ## - BIBLIOGRAPHY, ETC. NOTE
Bibliography, etc. note Includes bibl. references and index.
650 #4 - SUBJECT ADDED ENTRY--TOPICAL TERM
Topical term or geographic name entry element Management
Form subdivision Handbooks, manuals, etc.
650 #4 - SUBJECT ADDED ENTRY--TOPICAL TERM
Topical term or geographic name entry element Management and business studies.
700 1# - ADDED ENTRY--PERSONAL NAME
Personal name Crainer, Stuart,
Relator term editor.
700 1# - ADDED ENTRY--PERSONAL NAME
Personal name Dearlove, Des,
Relator term editor.
Holdings
Withdrawn status Lost status Source of classification or shelving scheme Damaged status Not for loan Home library Current library Date acquired Total Checkouts Full call number Barcode Date last seen Copy number Price effective from Koha item type
              11/27/2022   658 F49 2001 10000000013364 11/27/2022 C3 11/27/2022 Book
              11/27/2022   658 F49 2001 10000000013365 11/27/2022 C4 11/27/2022 Book
          CENTRAL CENTRAL 11/27/2022   658 F49 2001 1000000000293 11/27/2022 C2 11/27/2022 Book
          KHOBAR KHOBAR 11/27/2022   658 F49 2001 1000000000292 11/27/2022 C1 11/27/2022 Book